000 01008cam a2200313 a 4500
001 000001693
005 20200929145651.0
008 850305s1985 nyua j 000 0 eng
010 _a85002260
020 _a0394546911 :
_c$25.00
040 _aDO-SdBNP
_cDLC
_dDLC
042 _alcac
050 0 0 _aQB983
_b.C68 1985
100 1 _aCouper, Heather.
_95507
245 1 4 _aThe universe :
_ba three-dimensional study /
_cby Heather Couper and David Pelham.
260 _a[New York] :
_bRandom House,
_cc1985.
300 _a[6] p. :
_bcol. ill. ;
_c23 cm.
500 _aCover title.
520 _aText and pop-up illustrations trace the history of the universe.
650 0 _aCosmology
_xHistory
_xJuvenile literature.
_95508
650 0 _aToy and movable books
_xSpecimens.
_95509
650 1 _aUniverse.
_95510
650 1 _aCosmology.
_95511
650 1 _aToy and movable books.
_95512
700 1 _aPelham, David.
_95513
910 _aCatalogación por copia / LC
910 _aDC
082 0 0 _a520.1
_219
999 _c1574
_d1574